000 00610nam a22001817a 4500
005 20260203151539.0
008 260203b |||||||| |||| 00| 0 eng d
020 _a978-1-78883-919-8
100 _aTAMMA, ROHIT
245 _aPRACTICAL MOBILE FORENSICS
_bA HANDS ON GUIDE TO MASTERING MOBILE FORENSICS FOR THE IOS, ANDROID, AND THE WINDOWS PHONE PLATFORMS
250 _a3RD ED
260 _aMUMBAI
_bPACKTPUBLISHING
_c2018
300 _aVIII,386P.
500 _aINCLUDES INDEX
650 _a1.ANDROID (ELECTRONIC RESOURCE) 2. WINDOWS PHONE (COMPUTER FILE)
700 _aSKULKIN, ROHIT
942 _2lcc
_cBK
999 _c216522
_d216522